000 00560nam a2200181Ia 4500
003 IN-BaIIA
005 20250729144935.0
008 211028s9999 xx 000 0 eng d
040 _cIIA Library
080 _a(084.3)52
_bCAR
110 _aObservatoire D' Alger
_91042
245 0 _aCarte photographique de ceilo observatoire de alger zone +22 Pavi
_cObservatoire De Paris
260 _aParis
_bPosition Du Center Pour- Paris
650 _aAstronomy
_980
650 _aAtlas
650 _aCharts
_91043
942 _cBK
_2ddc
999 _c450
_d450